00437nam a22001697a 450000500170000000800410001702000260005804000090008404100120009308200160010510000210012124500460014225000080018826000440019630000080024065000190024820260316154727.0260316b |||||||| |||| 00| 0 eng d a9780199691340c350.00 aMAIN aEnglish a801.95bCUL aCuller, Jonathan aLiterary Theory A Very Short Introduction a2nd aNew YorkbOxford University Pressc2011 a165 aHindu Studies